000
00320nam a2200121 a 4500
005
20140414132054.0
008
110714s19uu xx 00 eng d
050
_a
ER
_b
W63 1988
100
_a
Wilhelm, Hans
245
_a
Waldo, tell me about guardian angels.
260
_a
Norwalk :
_b
C.R Gibson,
_c
1988.
999
_c
114255
_d
114255